000 00332nam a2200121Ia 4500
008 240731s9999 xx 000 0 und d
022 _a2051-6193
245 0 _aMuseums & Social Issues : A Journal of Reflective Discourse
260 _bRoutledge
856 _uhttps://www.tandfonline.com/loi/ymsi20
942 _2ddc
942 _cTFEJ
999 _c78626
_d78626
945 _a1
_bMadushi Gamage
_c1
_dMadushi Gamage